Biology
BIOLOGY is an authoritative majors textbook with evolution as a unifying theme. In revising the text, McGraw-Hill has consulted extensively with previous users, noted experts and professors in the field. It is distinguished from other texts by its strong emphasis on natural selection and the evoluti...
Đã lưu trong:
| 主要作者: | |
|---|---|
| 格式: | 圖書 |
| 語言: | Undetermined |
| 出版: |
Boston
McGraw-Hill Higher Education
2005
|
| 主題: | |
| 標簽: |
添加標簽
沒有標簽, 成為第一個標記此記錄!
|
| Thư viện lưu trữ: | Trung tâm Học liệu Trường Đại học Cần Thơ |
|---|
| LEADER | 00924nam a2200205Ia 4500 | ||
|---|---|---|---|
| 001 | CTU_137718 | ||
| 008 | 210402s9999 xx 000 0 und d | ||
| 020 | |c 129.43 | ||
| 082 | |a 570 | ||
| 082 | |b B615 | ||
| 100 | |a Raven, Peter H. | ||
| 245 | 0 | |a Biology | |
| 245 | 0 | |c Peter H. Raven ... [et al.] ; Illustration authors, William C. Ober and Claire W. Garrison | |
| 260 | |a Boston | ||
| 260 | |b McGraw-Hill Higher Education | ||
| 260 | |c 2005 | ||
| 520 | |a BIOLOGY is an authoritative majors textbook with evolution as a unifying theme. In revising the text, McGraw-Hill has consulted extensively with previous users, noted experts and professors in the field. It is distinguished from other texts by its strong emphasis on natural selection and the evolutionary process that explains biodiversity. | ||
| 650 | |a Biology,Sinh vật học | ||
| 904 | |i Giang | ||
| 980 | |a Trung tâm Học liệu Trường Đại học Cần Thơ | ||